<?xml version="1.0" encoding="UTF-8"?><?xml-stylesheet type="text/xsl" href="static/style.xsl"?><OAI-PMH xmlns="http://www.openarchives.org/OAI/2.0/" xmlns:xsi="http://www.w3.org/2001/XMLSchema-instance" xsi:schemaLocation="http://www.openarchives.org/OAI/2.0/ http://www.openarchives.org/OAI/2.0/OAI-PMH.xsd"><responseDate>2026-05-11T13:08:03Z</responseDate><request verb="GetRecord" identifier="oai:riubu.ubu.es:10259/3705" metadataPrefix="marc">https://riubu.ubu.es/oai/request</request><GetRecord><record><header><identifier>oai:riubu.ubu.es:10259/3705</identifier><datestamp>2022-04-26T11:42:13Z</datestamp><setSpec>com_10259_2699</setSpec><setSpec>col_10259_2727</setSpec></header><metadata><record xmlns="http://www.loc.gov/MARC21/slim" xmlns:doc="http://www.lyncode.com/xoai" xmlns:xsi="http://www.w3.org/2001/XMLSchema-instance" xmlns:dcterms="http://purl.org/dc/terms/" xsi:schemaLocation="http://www.loc.gov/MARC21/slim http://www.loc.gov/standards/marcxml/schema/MARC21slim.xsd">
<leader>00925njm 22002777a 4500</leader>
<datafield tag="042" ind1=" " ind2=" ">
<subfield code="a">dc</subfield>
</datafield>
<datafield tag="720" ind1=" " ind2=" ">
<subfield code="a">Sanjuán Cortázar, Ana María</subfield>
<subfield code="e">author</subfield>
</datafield>
<datafield tag="260" ind1=" " ind2=" ">
<subfield code="c">2015</subfield>
</datafield>
<datafield tag="520" ind1=" " ind2=" ">
<subfield code="a">La catálisis homogénea con complejos de oro ha sufrido un desarrollo espectacular en los últimos años convirtiéndose en una herramienta muy útil para la síntesis de una gran variedad de estructuras complejas, que no son accesibles mediante metodologías convencionales. Esta tesis se ha centrado en el estudio de la reactividad de o-(alquinil)estirenos con diferentes patrones de sustitución, en presencia de complejos de oro(I) como catalizadores. Estas transformaciones han conducido a la síntesis de un rango de derivados de indenos, benzofluorenos, dihidroindeno[2,1-a]indenos y derivados de naftalenos. Por otro lado, también se ha estudiado la reactividad de 1,3-dien-5-inos, sustratos estructuralmente relacionados con los o-(alquinil)estirenos, lo que ha permitido el desarrollo de una síntesis de bencenos y ciclopentadienos altamente funcionalizados. Estos últimos productos se han sintetizado también empleando complejos de oro(I) que presentan ligandos quirales, conduciendo a la formación de ciclopentadienos enriquecidos enantioméricamente. Estos ciclopentadienos han sido utilizados, junto con diversos dienófilos en reacciones de cicloadición Diels‒Alder permitiendo la síntesis de cicloaductos funcionalizados con total diastereoselectividad y elevada enantioselectividad.</subfield>
</datafield>
<datafield tag="024" ind2=" " ind1="8">
<subfield code="a">http://hdl.handle.net/10259/3705</subfield>
</datafield>
<datafield tag="024" ind2=" " ind1="8">
<subfield code="a">10.36443/10259/3705</subfield>
</datafield>
<datafield ind1=" " ind2=" " tag="653">
<subfield code="a">catálisis con oro</subfield>
</datafield>
<datafield ind1=" " ind2=" " tag="653">
<subfield code="a">cicloisomerización</subfield>
</datafield>
<datafield ind1=" " ind2=" " tag="653">
<subfield code="a">alcoxiciclación</subfield>
</datafield>
<datafield ind1=" " ind2=" " tag="653">
<subfield code="a">o-(alquinil)estirenos</subfield>
</datafield>
<datafield ind1=" " ind2=" " tag="653">
<subfield code="a">1,3-dien-5-inos</subfield>
</datafield>
<datafield ind1=" " ind2=" " tag="653">
<subfield code="a">gold catalysis</subfield>
</datafield>
<datafield ind1=" " ind2=" " tag="653">
<subfield code="a">cycloisomerization</subfield>
</datafield>
<datafield ind1=" " ind2=" " tag="653">
<subfield code="a">alkoxycyclization</subfield>
</datafield>
<datafield ind1=" " ind2=" " tag="653">
<subfield code="a">o-(alkynyl)styrenes</subfield>
</datafield>
<datafield ind1=" " ind2=" " tag="653">
<subfield code="a">1,3-dien-5-ynes</subfield>
</datafield>
<datafield tag="245" ind1="0" ind2="0">
<subfield code="a">Reacciones de cicloisomerización y alcoxiciclación de o-(Alquinil)estirenos y de 1,3-Dien-5-inos catalizadas por complejos de oro(I)</subfield>
</datafield>
</record></metadata></record></GetRecord></OAI-PMH>